[Event "VIII Miedzynarodowy Memorial Ferdynanda Dziedzica"]
[Site "Trzcianka"]
[Date "2018.10.14"]
[Round "4.9"]
[White "Sieciechowicz, Marcin"]
[Black "Chyzy, Jakub"]
[Result "1-0"]
[BlackElo "1836"]
[WhiteElo "2374"]
[LiveChessVersion "1.4.8"]

1. d4 {[%clk 0:10:08]} Nf6 {[%clk 0:10:07]} 2. Nf3 {[%clk 0:10:11]} e6
{[%clk 0:10:11]} 3. c4 {[%clk 0:10:14]} d5 {[%clk 0:10:14]} 4. Nc3
{[%clk 0:10:15]} Nbd7 {[%clk 0:10:15]} 5. Bg5 {[%clk 0:10:12]} c6
{[%clk 0:10:15]} 6. e3 {[%clk 0:10:09]} Qa5 {[%clk 0:10:09]} 7. cxd5
{[%clk 0:10:13]} Nxd5 {[%clk 0:10:09]} 8. Qd2 {[%clk 0:10:17]} N7b6
{[%clk 0:09:48]} 9. Bd3 {[%clk 0:09:57]} Nxc3 {[%clk 0:09:41]} 10. bxc3
{[%clk 0:10:01]} Na4 {[%clk 0:09:45]} 11. O-O {[%clk 0:09:58]} Qxc3
{[%clk 0:09:24]} 12. Qe2 {[%clk 0:10:02]} Qb2 {[%clk 0:09:13]} 13. Bc2
{[%clk 0:09:42]} Nc3 {[%clk 0:08:53]} 14. Qd3 {[%clk 0:09:09]} Nd5
{[%clk 0:07:30]} 15. Bb3 {[%clk 0:08:10]} Qc3 {[%clk 0:06:38]} 16. Qe2
{[%clk 0:07:48]} h6 {[%clk 0:05:43]} 17. e4 {[%clk 0:07:22]} hxg5
{[%clk 0:03:28]} 18. exd5 {[%clk 0:07:27]} g4 {[%clk 0:03:04]} 19. Ne5
{[%clk 0:05:52]} Bd6 {[%clk 0:01:38]} 20. dxe6 {[%clk 0:05:22]} Bxe6
{[%clk 0:01:06]} 21. Bxe6 {[%clk 0:05:20]} fxe6 {[%clk 0:01:00]} 22. Qxg4
{[%clk 0:05:20]} O-O-O {[%clk 0:00:52]} 23. Rfc1 {[%clk 0:04:37]} Qd2
{[%clk 0:00:15]} 24. Qxe6+ {[%clk 0:03:50]} Kb8 {[%clk 0:00:15]} 25. Rab1
{[%clk 0:03:11]} Bxe5 {[%clk 0:00:11]} 26. dxe5 {[%clk 0:01:33]} Qh6
{[%clk 0:00:11]} 27. Qxh6 {[%clk 0:01:19]} Rxh6 {[%clk 0:00:15]} 28. f4
{[%clk 0:01:16]} Kc7 {[%clk 0:00:18]} 29. Rd1 {[%clk 0:01:13]} Rf8
{[%clk 0:00:11]} 30. g3 {[%clk 0:00:56]} Re6 {[%clk 0:00:11]} 31. Rd4
{[%clk 0:00:57]} g5 {[%clk 0:00:09]} 32. Rbd1 {[%clk 0:00:53]} Rf7
{[%clk 0:00:06]} 33. Kg2 {[%clk 0:00:49]} gxf4 {[%clk 0:00:09]} 34. gxf4
{[%clk 0:00:53]} c5 {[%clk 0:00:11]} 35. Re4 {[%clk 0:00:35]} b5 {[%clk 0:00:10]}
36. Kf3 {[%clk 0:00:38]} c4 {[%clk 0:00:10]} 37. h4 {[%clk 0:00:35]} Kc6
{[%clk 0:00:09]} 38. h5 {[%clk 0:00:32]} Kc5 {[%clk 0:00:08]} 39. Kg4
{[%clk 0:00:33]} c3 {[%clk 0:00:07]} 40. f5 {[%clk 0:00:32]} Re8 {[%clk 0:00:10]}
41. e6 {[%clk 0:00:25]} Rg7+ {[%clk 0:10:05]} 1-0

[Event "VIII Miedzynarodowy Memorial Ferdynanda Dziedzica"]
[Site "Trzcianka"]
[Date "2018.10.14"]
[Round "5.1"]
[White "Moiseenko, Alexander"]
[Black "Kantans, Toms"]
[Result "1-0"]
[BlackElo "2513"]
[WhiteElo "2680"]
[LiveChessVersion "1.4.8"]

1. d4 {[%clk 0:09:47]} Nf6 {[%clk 0:10:07]} 2. c4 {[%clk 0:09:50]} g6
{[%clk 0:10:11]} 3. Nc3 {[%clk 0:09:54]} d5 {[%clk 0:10:14]} 4. Nf3
{[%clk 0:09:36]} Bg7 {[%clk 0:10:17]} 5. Bg5 {[%clk 0:09:38]} Ne4
{[%clk 0:10:16]} 6. Bf4 {[%clk 0:09:06]} Nxc3 {[%clk 0:09:47]} 7. bxc3
{[%clk 0:09:09]} dxc4 {[%clk 0:09:51]} 8. e3 {[%clk 0:08:45]} b5 {[%clk 0:09:48]}
9. a4 {[%clk 0:08:44]} c6 {[%clk 0:09:51]} 10. Qb1 {[%clk 0:07:42]} a6
{[%clk 0:09:21]} 11. axb5 {[%clk 0:07:31]} g5 {[%clk 0:05:30]} 12. Nxg5
{[%clk 0:06:55]} e5 {[%clk 0:05:11]} 13. dxe5 {[%clk 0:04:58]} cxb5
{[%clk 0:05:08]} 14. Be2 {[%clk 0:04:53]} Qe7 {[%clk 0:04:33]} 15. O-O
{[%clk 0:03:43]} h6 {[%clk 0:04:37]} 16. Nf3 {[%clk 0:02:53]} Nc6
{[%clk 0:04:36]} 17. Rd1 {[%clk 0:02:36]} Bb7 {[%clk 0:02:33]} 18. Qf5
{[%clk 0:02:28]} Rd8 {[%clk 0:01:29]} 19. Rxd8+ {[%clk 0:02:06]} Nxd8
{[%clk 0:01:33]} 20. Nd4 {[%clk 0:01:57]} Ne6 {[%clk 0:01:22]} 21. Bf3
{[%clk 0:01:46]} Nxd4 {[%clk 0:00:40]} 22. exd4 {[%clk 0:01:46]} O-O
{[%clk 0:00:07]} 23. d5 {[%clk 0:01:37]} Bc8 {[%clk 0:00:08]} 24. Qh5
{[%clk 0:01:40]} Re8 {[%clk 0:00:09]} 25. g3 {[%clk 0:00:52]} Qc5
{[%clk 0:00:06]} 26. e6 {[%clk 0:00:18]} Qe7 {[%clk 0:00:11]} 27. Bxh6
{[%clk 0:00:17]} fxe6 {[%clk 0:00:10]} 28. Bxg7 {[%clk 0:00:19]} Kxg7
{[%clk 0:00:15]} 29. d6 {[%clk 0:00:17]} Qf7 {[%clk 0:00:18]} 30. Qxf7+
{[%clk 0:00:14]} Kxf7 {[%clk 0:00:22]} 31. Bh5+ {[%clk 0:00:19]} 1-0

[Event "VIII Miedzynarodowy Memorial Ferdynanda Dziedzica"]
[Site "Trzcianka"]
[Date "2018.10.14"]
[Round "5.2"]
[White "Tomczak, Jacek"]
[Black "Tomczak, Mikolaj"]
[Result "1/2-1/2"]
[BlackElo "2448"]
[WhiteElo "2546"]
[LiveChessVersion "1.4.8"]

1. e4 {[%clk 0:10:08]} c5 {[%clk 0:10:09]} 2. Nf3 {[%clk 0:10:12]} e6
{[%clk 0:10:06]} 3. d4 {[%clk 0:10:15]} cxd4 {[%clk 0:10:10]} 4. Nxd4
{[%clk 0:10:19]} Nc6 {[%clk 0:10:13]} 5. Nc3 {[%clk 0:10:19]} Qc7
{[%clk 0:10:17]} 6. Be2 {[%clk 0:10:23]} a6 {[%clk 0:10:20]} 7. O-O
{[%clk 0:10:23]} Nf6 {[%clk 0:10:24]} 8. Be3 {[%clk 0:10:26]} Be7
{[%clk 0:10:26]} 9. f4 {[%clk 0:10:29]} d6 {[%clk 0:10:27]} 10. Qe1
{[%clk 0:10:32]} O-O {[%clk 0:10:28]} 11. Qg3 {[%clk 0:10:35]} Nxd4
{[%clk 0:10:31]} 12. Bxd4 {[%clk 0:10:38]} b5 {[%clk 0:10:35]} 13. a3
{[%clk 0:10:42]} Bb7 {[%clk 0:10:38]} 14. Rae1 {[%clk 0:10:27]} Rad8
{[%clk 0:10:39]} 15. Kh1 {[%clk 0:10:19]} Rd7 {[%clk 0:10:41]} 16. Bd3
{[%clk 0:10:22]} Qd8 {[%clk 0:10:17]} 17. Nd1 {[%clk 0:10:22]} g6
{[%clk 0:08:30]} 18. Nf2 {[%clk 0:09:03]} Nh5 {[%clk 0:07:57]} 19. Qf3
{[%clk 0:09:06]} Bf6 {[%clk 0:07:15]} 20. c3 {[%clk 0:06:06]} Bxd4
{[%clk 0:06:04]} 21. cxd4 {[%clk 0:06:09]} Qf6 {[%clk 0:05:59]} 22. Ng4
{[%clk 0:05:19]} Qxd4 {[%clk 0:05:55]} 23. f5 {[%clk 0:05:22]} exf5
{[%clk 0:05:17]} 24. Nh6+ {[%clk 0:05:23]} Kh8 {[%clk 0:05:16]} 25. Nxf5
{[%clk 0:04:42]} gxf5 {[%clk 0:03:50]} 26. Qxh5 {[%clk 0:04:44]} Qxd3
{[%clk 0:03:11]} 27. Qxf5 {[%clk 0:04:33]} Rg8 {[%clk 0:02:27]} 28. Qxd7
{[%clk 0:03:53]} Bxe4 {[%clk 0:02:28]} 29. Rf2 {[%clk 0:03:49]} Bxg2+
{[%clk 0:02:03]} 30. Rxg2 {[%clk 0:03:48]} Qf3 {[%clk 0:02:06]} 31. Reg1
{[%clk 0:03:07]} Rxg2 {[%clk 0:02:08]} 32. Rxg2 {[%clk 0:03:10]} Qf1+
{[%clk 0:02:12]} 33. Rg1 {[%clk 0:03:12]} Qf3+ {[%clk 0:02:15]} 34. Rg2 1/2-1/2

[Event "VIII Miedzynarodowy Memorial Ferdynanda Dziedzica"]
[Site "Trzcianka"]
[Date "2018.10.14"]
[Round "5.4"]
[White "Czerwonski, Aleksander"]
[Black "Jaracz, Pawel"]
[Result "0-1"]
[BlackElo "2538"]
[WhiteElo "2358"]
[LiveChessVersion "1.4.8"]

1. d4 {[%clk 0:10:09]} d5 {[%clk 0:10:09]} 2. c4 {[%clk 0:10:13]} c6
{[%clk 0:10:13]} 3. cxd5 {[%clk 0:10:17]} cxd5 {[%clk 0:10:16]} 4. Nc3
{[%clk 0:10:21]} Nf6 {[%clk 0:10:17]} 5. Nf3 {[%clk 0:10:25]} Nc6
{[%clk 0:10:21]} 6. Bf4 {[%clk 0:10:28]} Nh5 {[%clk 0:10:24]} 7. Be5
{[%clk 0:10:27]} f6 {[%clk 0:10:27]} 8. Bg3 {[%clk 0:10:30]} e6 {[%clk 0:10:11]}
9. e3 {[%clk 0:10:33]} g6 {[%clk 0:09:59]} 10. Bd3 {[%clk 0:10:27]} Kf7
{[%clk 0:09:38]} 11. Bh4 {[%clk 0:10:10]} Ng7 {[%clk 0:09:31]} 12. Ne5+
{[%clk 0:09:44]} Kg8 {[%clk 0:08:40]} 13. Ng4 {[%clk 0:08:01]} Be7
{[%clk 0:08:17]} 14. Nh6+ {[%clk 0:07:36]} Kf8 {[%clk 0:08:21]} 15. Qf3
{[%clk 0:07:35]} f5 {[%clk 0:07:42]} 16. Bxe7+ {[%clk 0:06:33]} Qxe7
{[%clk 0:07:45]} 17. h4 {[%clk 0:06:05]} e5 {[%clk 0:07:05]} 18. Bb5
{[%clk 0:04:53]} exd4 {[%clk 0:06:52]} 19. Nxd5 {[%clk 0:04:38]} Qe5
{[%clk 0:06:41]} 20. O-O {[%clk 0:04:06]} Ne6 {[%clk 0:06:28]} 21. Ng4
{[%clk 0:03:56]} Qd6 {[%clk 0:06:17]} 22. Ngf6 {[%clk 0:03:59]} Ne7
{[%clk 0:05:55]} 23. Nxe7 {[%clk 0:03:38]} Qxe7 {[%clk 0:05:59]} 24. Ne4
{[%clk 0:02:58]} Qxh4 {[%clk 0:05:51]} 25. Nd6 {[%clk 0:03:00]} Kg7
{[%clk 0:04:16]} 26. Nxc8 {[%clk 0:02:53]} Raxc8 {[%clk 0:04:16]} 27. Bd7
{[%clk 0:02:53]} Ng5 {[%clk 0:04:05]} 28. Qxb7 {[%clk 0:02:45]} Rcf8
{[%clk 0:03:48]} 29. exd4 {[%clk 0:02:24]} Rf7 {[%clk 0:03:45]} 30. Qd5
{[%clk 0:02:25]} Rd8 {[%clk 0:03:17]} 31. Qe5+ {[%clk 0:02:26]} Rf6
{[%clk 0:03:12]} 32. Qe7+ {[%clk 0:01:49]} Nf7 {[%clk 0:03:15]} 33. Rad1
{[%clk 0:01:48]} g5 {[%clk 0:02:25]} 34. Be6 {[%clk 0:01:41]} Rf8
{[%clk 0:01:52]} 35. Bxf7 {[%clk 0:01:26]} R8xf7 {[%clk 0:01:56]} 36. Qe5
{[%clk 0:01:28]} f4 {[%clk 0:01:55]} 37. g3 {[%clk 0:01:23]} Qh3 {[%clk 0:01:40]}
38. Qxg5+ {[%clk 0:01:04]} Rg6 {[%clk 0:01:43]} 39. Qe5+ {[%clk 0:01:08]} Kh6
{[%clk 0:01:48]} 40. Rd3 {[%clk 0:00:56]} f3 {[%clk 0:01:36]} 41. Qe3+
{[%clk 0:00:50]} Rg5 {[%clk 0:01:31]} 42. Qxf3 {[%clk 0:00:50]} Rxf3
{[%clk 0:01:35]} 43. Rxf3 {[%clk 0:00:54]} Rh5 {[%clk 0:01:35]} 0-1

[Event "VIII Miedzynarodowy Memorial Ferdynanda Dziedzica"]
[Site "Trzcianka"]
[Date "2018.10.14"]
[Round "5.5"]
[White "Zakrzewski, Marek"]
[Black "Kucza, Karol"]
[Result "1/2-1/2"]
[BlackElo "2264"]
[WhiteElo "2403"]
[LiveChessVersion "1.4.8"]

1. e4 {[%clk 0:10:08]} e5 {[%clk 0:10:09]} 2. Nf3 {[%clk 0:10:11]} Nc6
{[%clk 0:10:13]} 3. d4 {[%clk 0:10:15]} exd4 {[%clk 0:10:16]} 4. Nxd4
{[%clk 0:10:17]} Nf6 {[%clk 0:10:19]} 5. Nxc6 {[%clk 0:10:20]} bxc6
{[%clk 0:10:22]} 6. e5 {[%clk 0:10:24]} Qe7 {[%clk 0:10:25]} 7. Qe2
{[%clk 0:10:27]} Nd5 {[%clk 0:10:29]} 8. c4 {[%clk 0:10:30]} Ba6 {[%clk 0:10:32]}
9. Nd2 {[%clk 0:10:32]} g6 {[%clk 0:09:49]} 10. Ne4 {[%clk 0:10:35]} Bg7
{[%clk 0:09:45]} 11. Bg5 {[%clk 0:10:38]} Qb4+ {[%clk 0:09:13]} 12. Qd2
{[%clk 0:10:36]} Qxd2+ {[%clk 0:09:11]} 13. Kxd2 {[%clk 0:10:37]} Ne7
{[%clk 0:08:44]} 14. Nf6+ {[%clk 0:08:32]} Kd8 {[%clk 0:08:47]} 15. Rd1
{[%clk 0:08:29]} h6 {[%clk 0:08:49]} 16. Bf4 {[%clk 0:08:10]} g5 {[%clk 0:08:43]}
17. Nh5 {[%clk 0:07:40]} Bf8 {[%clk 0:08:42]} 18. Bg3 {[%clk 0:07:25]} Nf5
{[%clk 0:07:10]} 19. Kc3 {[%clk 0:06:24]} Rb8 {[%clk 0:06:30]} 20. b3
{[%clk 0:04:52]} Bb4+ {[%clk 0:05:58]} 21. Kb2 {[%clk 0:04:55]} Bc5
{[%clk 0:05:34]} 22. Nf6 {[%clk 0:03:31]} Bd4+ {[%clk 0:05:31]} 23. Kc2
{[%clk 0:03:31]} c5 {[%clk 0:05:28]} 24. Be2 {[%clk 0:02:47]} Bb7
{[%clk 0:05:08]} 25. Bg4 {[%clk 0:02:29]} Nxg3 {[%clk 0:05:02]} 26. hxg3
{[%clk 0:02:28]} Bxg2 {[%clk 0:04:44]} 27. Nxd7 {[%clk 0:02:20]} Bxh1
{[%clk 0:04:43]} 28. Nxb8 {[%clk 0:02:22]} Be4+ {[%clk 0:04:45]} 29. Kc1
{[%clk 0:02:24]} Ke7 {[%clk 0:04:40]} 30. Nd7 {[%clk 0:02:07]} Rd8
{[%clk 0:03:00]} 31. Nf6 {[%clk 0:02:00]} Bc6 {[%clk 0:03:04]} 32. Rd2
{[%clk 0:01:02]} Bxe5 {[%clk 0:02:58]} 33. Nd5+ {[%clk 0:01:06]} Bxd5
{[%clk 0:03:01]} 34. Rxd5 {[%clk 0:00:53]} Rxd5 {[%clk 0:02:55]} 35. cxd5
{[%clk 0:00:57]} Bd4 {[%clk 0:02:59]} 36. f4 {[%clk 0:00:32]} Bf2
{[%clk 0:02:14]} 37. fxg5 {[%clk 0:00:35]} hxg5 {[%clk 0:02:19]} 38. Kd2
{[%clk 0:00:37]} Kf6 {[%clk 0:01:57]} 39. Kd3 {[%clk 0:00:27]} Ke5
{[%clk 0:02:01]} 40. Bh5 {[%clk 0:00:32]} f6 {[%clk 0:01:57]} 41. g4
{[%clk 0:00:34]} Kxd5 {[%clk 0:02:01]} 42. Bg6 {[%clk 0:00:37]} Bd4
{[%clk 0:01:42]} 43. Bf5 {[%clk 0:00:41]} Bf2 {[%clk 0:01:24]} 44. Bc8
{[%clk 0:00:44]} c4+ {[%clk 0:01:27]} 45. bxc4+ Kc5 46. Kc3 {[%clk 0:00:46]} Be1+
{[%clk 0:01:34]} 47. Kb3 {[%clk 0:00:50]} Kd4 {[%clk 0:01:35]} 48. Bf5
{[%clk 0:00:52]} a5 {[%clk 0:01:36]} 49. a4 {[%clk 0:00:56]} Ke5 1/2-1/2

[Event "VIII Miedzynarodowy Memorial Ferdynanda Dziedzica"]
[Site "Trzcianka"]
[Date "2018.10.14"]
[Round "5.6"]
[White "Teclaf, Pawel"]
[Black "Sieciechowicz, Marcin"]
[Result "1-0"]
[BlackElo "2374"]
[WhiteElo "2298"]
[LiveChessVersion "1.4.8"]

1. e4 {[%clk 0:10:07]} e6 {[%clk 0:09:25]} 2. d4 {[%clk 0:10:00]} d5
{[%clk 0:09:28]} 3. e5 {[%clk 0:10:03]} c5 {[%clk 0:09:31]} 4. c3
{[%clk 0:10:07]} Qb6 {[%clk 0:09:35]} 5. Nf3 {[%clk 0:10:11]} Nc6
{[%clk 0:09:39]} 6. Be2 {[%clk 0:10:14]} cxd4 {[%clk 0:09:37]} 7. cxd4
{[%clk 0:10:18]} Nh6 {[%clk 0:09:39]} 8. Bxh6 {[%clk 0:10:15]} gxh6
{[%clk 0:09:36]} 9. Qd2 {[%clk 0:10:18]} Bg7 {[%clk 0:09:36]} 10. Nc3
{[%clk 0:10:17]} O-O {[%clk 0:09:35]} 11. O-O {[%clk 0:10:17]} f6
{[%clk 0:09:34]} 12. exf6 {[%clk 0:10:05]} Rxf6 {[%clk 0:08:41]} 13. Rac1
{[%clk 0:09:54]} Rg6 {[%clk 0:06:28]} 14. Na4 {[%clk 0:08:38]} Qd8
{[%clk 0:05:54]} 15. Rfd1 {[%clk 0:06:30]} Rg4 {[%clk 0:04:13]} 16. h3
{[%clk 0:05:44]} Rxd4 {[%clk 0:04:01]} 17. Nxd4 {[%clk 0:05:47]} Nxd4
{[%clk 0:04:05]} 18. Nc3 {[%clk 0:04:45]} Bd7 {[%clk 0:03:38]} 19. Bd3
{[%clk 0:04:34]} Qf6 {[%clk 0:03:35]} 20. Ne2 {[%clk 0:04:13]} Nxe2+
{[%clk 0:03:23]} 21. Qxe2 {[%clk 0:03:50]} e5 {[%clk 0:02:14]} 22. Bc4
{[%clk 0:03:46]} dxc4 {[%clk 0:01:51]} 23. Rxd7 {[%clk 0:03:48]} b5
{[%clk 0:01:51]} 24. Rcd1 {[%clk 0:03:36]} a5 {[%clk 0:00:56]} 25. Rb7
{[%clk 0:03:34]} 1-0

[Event "VIII Miedzynarodowy Memorial Ferdynanda Dziedzica"]
[Site "Trzcianka"]
[Date "2018.10.14"]
[Round "5.7"]
[White "Janaszak, Dawid"]
[Black "Piorun, Kacper"]
[Result "0-1"]
[BlackElo "2636"]
[WhiteElo "2255"]
[LiveChessVersion "1.4.8"]

1. c4 {[%clk 0:10:05]} e5 {[%clk 0:10:04]} 2. Nc3 {[%clk 0:10:11]} Nc6
{[%clk 0:10:04]} 3. g3 {[%clk 0:09:58]} g6 {[%clk 0:10:08]} 4. Bg2
{[%clk 0:10:01]} Bg7 {[%clk 0:10:11]} 5. e3 {[%clk 0:09:33]} d6 {[%clk 0:10:12]}
6. Nge2 {[%clk 0:09:34]} h5 {[%clk 0:10:15]} 7. h3 {[%clk 0:09:37]} Nge7
{[%clk 0:10:11]} 8. b3 {[%clk 0:09:31]} h4 {[%clk 0:10:07]} 9. g4
{[%clk 0:09:33]} f5 {[%clk 0:10:10]} 10. gxf5 {[%clk 0:09:27]} Bxf5
{[%clk 0:10:13]} 11. d3 {[%clk 0:09:09]} Qd7 {[%clk 0:10:12]} 12. Bb2
{[%clk 0:08:56]} g5 {[%clk 0:09:55]} 13. Qd2 {[%clk 0:07:44]} O-O-O
{[%clk 0:09:42]} 14. O-O-O {[%clk 0:07:35]} g4 {[%clk 0:09:42]} 15. hxg4
{[%clk 0:07:28]} Bxg4 {[%clk 0:09:45]} 16. Rdg1 {[%clk 0:07:25]} Rdg8
{[%clk 0:09:22]} 17. Nd5 {[%clk 0:06:34]} Nxd5 {[%clk 0:08:36]} 18. Bxd5
{[%clk 0:06:35]} Be6 {[%clk 0:08:40]} 19. Nc3 {[%clk 0:05:53]} Bf6
{[%clk 0:08:35]} 20. Rxg8+ {[%clk 0:05:33]} Rxg8 {[%clk 0:08:38]} 21. Qe2
{[%clk 0:05:25]} Bd8 {[%clk 0:08:27]} 22. Qf3 {[%clk 0:05:14]} Kb8
{[%clk 0:07:34]} 23. Kd2 {[%clk 0:05:05]} Bg4 {[%clk 0:07:09]} 24. Qg2
{[%clk 0:03:41]} Rf8 {[%clk 0:07:12]} 25. f3 {[%clk 0:03:20]} Bf5
{[%clk 0:07:02]} 26. Ba3 {[%clk 0:03:12]} Ne7 {[%clk 0:05:21]} 27. Be4
{[%clk 0:03:11]} Bxe4 {[%clk 0:05:22]} 28. dxe4 {[%clk 0:02:27]} Rg8
{[%clk 0:04:41]} 29. Qh2 {[%clk 0:02:22]} Nc6 {[%clk 0:03:51]} 30. Ne2
{[%clk 0:01:53]} Qf7 {[%clk 0:03:17]} 31. Qh3 {[%clk 0:01:49]} Rf8
{[%clk 0:03:09]} 32. Rf1 {[%clk 0:01:47]} Bg5 {[%clk 0:03:06]} 33. Bc1
{[%clk 0:01:33]} Nd4 {[%clk 0:02:32]} 34. f4 {[%clk 0:01:03]} Nxe2
{[%clk 0:02:34]} 35. Kxe2 {[%clk 0:01:06]} exf4 {[%clk 0:02:27]} 36. exf4
{[%clk 0:01:10]} Bf6 {[%clk 0:02:19]} 37. Kd3 {[%clk 0:00:56]} Qe7
{[%clk 0:02:06]} 38. Bd2 {[%clk 0:00:43]} Bh8 {[%clk 0:01:35]} 39. Re1
{[%clk 0:00:38]} a6 {[%clk 0:00:57]} 40. Kc2 {[%clk 0:00:25]} Qf6
{[%clk 0:00:56]} 41. e5 {[%clk 0:00:21]} dxe5 {[%clk 0:00:47]} 42. fxe5
{[%clk 0:00:25]} Qe7 {[%clk 0:00:31]} 43. Qe3 {[%clk 0:00:18]} Re8
{[%clk 0:00:30]} 44. Bc3 {[%clk 0:00:21]} Bg7 {[%clk 0:00:24]} 45. Kb2
{[%clk 0:00:25]} Rh8 {[%clk 0:00:27]} 46. Rh1 {[%clk 0:00:27]} Bf6
{[%clk 0:00:11]} 47. Rh3 {[%clk 0:00:30]} Bg5 {[%clk 0:00:15]} 48. Qe2
{[%clk 0:00:33]} Qe6 {[%clk 0:00:16]} 49. Qg2 {[%clk 0:00:35]} Be7
{[%clk 0:00:19]} 50. Qf3 {[%clk 0:00:29]} Rf8 {[%clk 0:00:22]} 51. Qg2
{[%clk 0:00:31]} Rg8 {[%clk 0:00:19]} 52. Qf3 {[%clk 0:00:34]} Rg1
{[%clk 0:00:16]} 53. Rh1 {[%clk 0:00:30]} Rg3 {[%clk 0:00:18]} 54. Qe4
{[%clk 0:00:31]} Qf7 {[%clk 0:00:17]} 55. Bd4 {[%clk 0:00:31]} Qg8
{[%clk 0:00:17]} 56. Rh2 {[%clk 0:00:28]} Rg4 {[%clk 0:00:21]} 57. Qe3
{[%clk 0:00:26]} Qg6 {[%clk 0:00:24]} 58. Bc3 {[%clk 0:00:22]} Rg1
{[%clk 0:00:23]} 59. Rc2 {[%clk 0:00:17]} Rg3 {[%clk 0:00:25]} 60. Qd2
{[%clk 0:00:19]} h3 {[%clk 0:00:17]} 61. Qd7 {[%clk 0:00:24]} Rg2
{[%clk 0:00:14]} 62. Bd2 {[%clk 0:00:13]} Bg5 {[%clk 0:00:09]} 63. Qxh3
{[%clk 0:00:10]} Bxd2 {[%clk 0:00:11]} 64. e6 {[%clk 0:00:07]} Bc1+
{[%clk 0:00:14]} 0-1

[Event "VIII Miedzynarodowy Memorial Ferdynanda Dziedzica"]
[Site "Trzcianka"]
[Date "2018.10.14"]
[Round "5.8"]
[White "Konieczynski, Piotr"]
[Black "Chojnacki, Krzysztof"]
[Result "0-1"]
[BlackElo "2341"]
[WhiteElo "2030"]
[LiveChessVersion "1.4.8"]

1. d4 {[%clk 0:10:09]} d6 {[%clk 0:10:08]} 2. c4 {[%clk 0:10:10]} f5
{[%clk 0:10:12]} 3. g3 {[%clk 0:10:09]} Nf6 {[%clk 0:10:15]} 4. Bg2
{[%clk 0:10:12]} g6 {[%clk 0:10:18]} 5. Nf3 {[%clk 0:10:13]} Bg7 {[%clk 0:10:22]}
6. O-O {[%clk 0:10:16]} O-O {[%clk 0:10:24]} 7. Nc3 {[%clk 0:10:19]} c6
{[%clk 0:10:23]} 8. b3 {[%clk 0:10:04]} a5 {[%clk 0:09:43]} 9. Bb2
{[%clk 0:10:04]} Na6 {[%clk 0:09:46]} 10. a3 {[%clk 0:09:37]} Qc7
{[%clk 0:09:42]} 11. Qc2 {[%clk 0:08:50]} e5 {[%clk 0:09:32]} 12. dxe5
{[%clk 0:08:27]} dxe5 {[%clk 0:09:35]} 13. e4 {[%clk 0:08:15]} Nc5
{[%clk 0:09:03]} 14. Nh4 {[%clk 0:07:07]} f4 {[%clk 0:08:42]} 15. b4
{[%clk 0:06:51]} Ne6 {[%clk 0:08:45]} 16. Ne2 {[%clk 0:06:27]} Ng5
{[%clk 0:07:29]} 17. Nc3 {[%clk 0:04:20]} Nh5 {[%clk 0:06:08]} 18. Nf3
{[%clk 0:03:40]} Nxf3+ {[%clk 0:05:17]} 19. Bxf3 {[%clk 0:03:44]} axb4
{[%clk 0:05:19]} 20. axb4 {[%clk 0:03:46]} Rxa1 {[%clk 0:05:23]} 21. Bxa1
{[%clk 0:03:20]} Bh3 {[%clk 0:04:06]} 22. Bg2 {[%clk 0:03:11]} Be6
{[%clk 0:03:06]} 23. Na4 {[%clk 0:02:46]} f3 {[%clk 0:03:04]} 24. Bh1
{[%clk 0:02:45]} g5 {[%clk 0:03:00]} 25. Nc5 {[%clk 0:02:15]} Bc8
{[%clk 0:03:04]} 26. Qd2 {[%clk 0:02:12]} h6 {[%clk 0:02:46]} 27. Rd1
{[%clk 0:01:54]} g4 {[%clk 0:02:42]} 28. Bc3 {[%clk 0:01:50]} Nf6
{[%clk 0:02:03]} 29. Qe3 {[%clk 0:01:33]} Nh7 {[%clk 0:01:57]} 30. Rd3
{[%clk 0:01:03]} Ng5 {[%clk 0:01:44]} 31. h4 {[%clk 0:00:57]} Nf7
{[%clk 0:01:39]} 32. Qd2 {[%clk 0:00:49]} Rd8 {[%clk 0:01:27]} 33. Rxd8+
{[%clk 0:00:46]} Qxd8 {[%clk 0:01:30]} 34. Qxd8+ {[%clk 0:00:49]} Nxd8
{[%clk 0:01:34]} 35. Nd3 {[%clk 0:00:52]} Nf7 {[%clk 0:01:35]} 36. Kf1
{[%clk 0:00:49]} Be6 {[%clk 0:01:39]} 37. Nb2 {[%clk 0:00:52]} Nd6
{[%clk 0:01:41]} 38. c5 {[%clk 0:00:49]} Nxe4 {[%clk 0:01:45]} 39. Nd1
{[%clk 0:00:35]} Bb3 {[%clk 0:01:46]} 0-1